000 00266nam a22001097a 4500
008 170118b xxu||||| |||| 00| 0 eng d
020 _a9781578010974
041 _aeng
080 _a618.2
245 _aNURSING CARE OF THE OLDER ADULT
_cFITZSIMMONS, S
942 _2udc
_cBK
999 _c3115
_d3115